000 00718cab a2200241 4500
001 ABS56763
008 090401t1997 xxu||||| |||| 00| 0 eng d
035 _a(Sirsi) u77615
041 _aeng
100 _aWatson, P.
245 _aISO 9000: problematic issues of immplementation
260 _c1997
350 _a0
490 _aBuilding Engineer
_v72(2) March 1997, 23-24(1)
520 _aExamines the practical problems faced by managers in implementing an ISO 9000 Series Quality System.
650 _aIMPLEMENTATION
650 _aISO 9000
650 _aMANAGEMENT
650 _aQUALITY SYSTEMS
690 _aMANAGEMENT-BUSINESS MANAGEMENT-PROFESSIONAL PRACTICE
942 _n0
948 _c07/04/1997
999 _c48791
_d48791